Biocatalysis and biotechnology for functional foods and industrial products

Saved in:
Bibliografiske detaljer
Hovedforfatter: Hou, Ching-Tsang (Author)
Andre forfattere: Shaw, Jei-Fu
Format: Bog
Sprog:engelsk
Udgivet: Boca Ratón, USA Taylor and Francis Group 2007
Fag:
Tags: Tilføj Tag
Ingen Tags, Vær først til at tagge denne postø!

MARC

LEADER 00000cam a2200000 a 4500
001 UCG9674
003 CL-VaPUC
005 20240531092811.0
008 120330e20070000US |||||||||||||||||eng|d
999 |c 347220  |d 347218 
020 |a 0849392829 
040 |c Pontificia Universidad Católica de Valparaíso 
082 0 4 |a 664 HOU 2007  |2 21 
100 |a Hou, Ching-Tsang  |e author  |9 561297 
245 1 0 |a Biocatalysis and biotechnology for functional foods and industrial products 
260 0 3 |a Boca Ratón, USA  |b Taylor and Francis Group  |c 2007 
300 |a 563 páginas 
583 |a last modification  |c 20120330 10:32:00  |k Rodrigo Vera 
650 0 |a Alimentos  |9 256203 
650 0 |a Biotecnología   |9 259561 
650 0 |a Enzimas  |9 262984 
650 0 |a Aplicaciones industriales  |9 259363 
650 0 |a Catálisis  |9 259915 
700 0 |a Shaw, Jei-Fu  |9 561298 
942 |c BK  |2 ddc 
945 |d 20120330 00:00:00  |a cmena 
952 |0 0  |1 0  |2 ddc  |4 0  |6 664_000000000000000_HOU_2007  |7 0  |8 A  |9 448396  |a BIBCUR  |b BIBCUR  |d 2019-11-22  |i 4851293  |o 664 HOU 2007  |p 4851293  |r 2025-04-22  |t 1  |w 2019-11-22  |y BK  |k BIO